Library Banner

Book-keeping and accounts (Record no. 6796)

MARC details
000 -LEADER
fixed length control field 00545nam a2200193Ia 4500
001 - CONTROL NUMBER
control field 5511
003 - CONTROL NUMBER IDENTIFIER
control field OSt
005 - DATE AND TIME OF LATEST TRANSACTION
control field 20190129160259.0
008 - FIXED-LENGTH DATA ELEMENTS--GENERAL INFORMATION
fixed length control field 140319s9999 xx 000 0 und d
040 ## - CATALOGING SOURCE
Transcribing agency PK-LaUMT
082 ## - DEWEY DECIMAL CLASSIFICATION NUMBER
Classification number 657.2
Item number BIG-B
100 ## - MAIN ENTRY--PERSONAL NAME
Personal name Bigg, W. W.
245 ## - TITLE STATEMENT
Title Book-keeping and accounts
Statement of responsibility, etc Bigg, W. W.<>Wilson, H. A. R. J., Jt. Auth.; (Langton, A. E.),
260 ## - PUBLICATION, DISTRIBUTION, ETC. (IMPRINT)
Place of publication, distribution, etc London,UK:
Name of publisher, distributor, etc H. F. L. Publishers,
Date of publication, distribution, etc 1964
300 ## - PHYSICAL DESCRIPTION
Extent 630 p.
546 ## - LANGUAGE NOTE
Language note EN
700 ## - ADDED ENTRY--PERSONAL NAME
Personal name Wilson, H. A. R. J., Jt. Auth.; (Langton, A. E.),
942 ## - ADDED ENTRY ELEMENTS (KOHA)
Koha item type Lost and Paid Collection
Source of classification or shelving scheme Dewey Decimal Classification
Holdings
Withdrawn status Lost status Damaged status Not for loan Home library Current library Date acquired Total Checkouts Full call number Barcode Date last seen Price effective from Koha item type
        UMT Main Campus UMT Main Campus 2014-03-19   657.2 BIG-B 5943 2014-03-19 2014-03-19 Books